000 01218cab a2200397 4500
001 ABS51850
008 090401t1994 xxu||||| |||| 00| 0 eng d
035 _a(Sirsi) u46743
041 _aeng
100 _aRich, J.
245 _aValuation: the wonderland of OMVs, ERPs and DAVs
260 _c1994
350 _a0
490 _aEstates Gazette
_v(9447) 26 November 1994, 153-155(3)
520 _aConsiders the distinction between open market value and estimated realisation price and examines the possible new basis of valuation, defined accounting value, suggested in the Mallinson Report.
650 _aBASIS OF VALUATION
650 _aDAV
650 _aDEFINED ACCOUNTING VALUE
650 _aESTIMATED REALISATION PRICE
650 _aESTIMATED REALISATION PRICE
650 _aMALLINSON REPORT
650 _aMARKET TRENDS
650 _aNOTIONAL TIMING
650 _aOMV
650 _aOPEN MARKET VALUE
650 _aRED AND WHITE BOOK
650 _aRICS APPRAISAL AND VALUATION MANUAL
650 _aVALUATION PRACTICE
650 _aVALUE
650 _aVAS9
650 _aVGN12
650 _aWHITE BOOK
690 _aRATING AND VALUATION
942 _n0
948 _c04/03/1997
999 _c29541
_d29541